000 00890nmc a2200301 a 4500
003 AR-BaBNM
005 20251128211744.0
008 196020s1995 ||||||||||||||000 | spa||
020 _a84-8867-17-6
040 _cAR-BaBNM
100 1 _aSantos Guerra, Miguel Angel
245 1 0 _aLa evaluación
_bun proceso de diálogo, comprensión y mejora
250 _a2ª ed.
260 _aArchidona
_aAljibe
_c1995
300 0 _a230 p.
490 0 _aBiblioteca de educación
504 _aContiene referencias bibliográficas
650 4 _aEVALUACION DEL ALUMNO
650 4 _aEVALUACION DEL DOCENTE
650 4 _aEVALUACION DEL CURRICULO
650 4 _aMETODOS DE EVALUACION
650 4 _aCRITERIOS DE EVALUACION
650 4 _aEVALUACION DE MATERIALES DIDACTICOS
653 0 _aEVALUACION INSTITUCIONAL
653 0 _aINDICADORES EDUCATIVOS
942 _cBK
998 _cme-solo cat
999 _c20967
_d20967